000 01966cam a22003854i 4500
003 PE-LiUPU
005 20250731184106.0
008 150616s r 000 0 d
035 _a(Sirsi) a3062
040 _aPE-LiUPU
_bspa
_cPE-LiUPU
_erda
049 _aPRUA
082 0 4 _a863.09
_bM311d
_223
100 1 _aMarañón, Gregorio,
_eautor
_d1887-1960.
245 1 0 _aDon Juan :
_bensayos sobre el origen de su leyenda /
_cGregorio Marañón.
250 _aUndécima edición
264 1 _aMadrid :
_bEspasa-Calpe,
_c1967.
300 _a168 páginas ;
_c19 centímetros.
336 _atext
_2rdacontent
337 _aunmediated
_2rdamedia
338 _avolume
_2rdacarrier
490 0 _a(Colección Austral ;
_v129)
504 _aNotas Bibliograficas.
505 0 _aUna iglesia olvidada -- La novia fundadora -- Años de paz -- Los alumbrados y el espíritu español -- Historia de los alumbrados -- Los alumbrados y el donjuanismo -- Epidemia de endemoniados -- El peregrino raro -- La dueña rijosa -- La denuncia y la condena -- El Conde-Duque y la priora -- Una ceremonia monstruosa -- La culpa inocente -- Reinvindicación de la priora -- La hoja en el viento -- El capellán demente -- Una fábula donjuanesca -- El acto cuarto inadmisible -- Un epílogo policíaco -- Falsedad y justificación de la leyenda -- Verdad y misterio de Sor Margarita -- Las leyendas finales -- Don Juan y yo -- Don Juan y el tiempo de hoy -- Donjuanismo juvenil -- El instinto indiferenciado -- El físico de Don Juan -- Los celos -- El escándalo -- Errores de la interpretación de Don Juan.
526 _aP145
526 _aP127
526 _aP97
526 _aP14
526 _aP07
630 7 _aDon Juan
_xCrítica e interpretación.
_92098
_2BLAAUTO
650 0 _aEnsayos españoles
_2BLAAUTO
_92099
910 _ajck
942 _2ddc
_cBK
_n0
980 _81
_gALBERTO SANCHEZ Responsable de Automatización
999 _c38084
_d38084